The fox and the stork / (Record no. 6586)

MARC details
000 -LEADER
fixed length control field 00886nam a22002897a 4500
001 - CONTROL NUMBER
control field 6586
003 - CONTROL NUMBER IDENTIFIER
control field FISKH
005 - DATE AND TIME OF LATEST TRANSACTION
control field 20250513084241.0
008 - FIXED-LENGTH DATA ELEMENTS--GENERAL INFORMATION
fixed length control field 250513b cb ||||| |||| 00| 0 eng d
020 ## - INTERNATIONAL STANDARD BOOK NUMBER
International Standard Book Number 9780152022679
040 ## - CATALOGING SOURCE
Original cataloging agency FISKH
Language of cataloging eng
Transcribing agency FISKH
Modifying agency FISKH
050 ## - LIBRARY OF CONGRESS CALL NUMBER
Classification number PZ8.M15 F
082 ## - DEWEY DECIMAL CLASSIFICATION NUMBER
Classification number 428.6
100 ## - MAIN ENTRY--PERSONAL NAME
Personal name McDermott, Gerald
Dates associated with a name (1941–2012)
245 ## - TITLE STATEMENT
Title The fox and the stork /
Statement of responsibility, etc. Gerald McDermott
250 ## - EDITION STATEMENT
Edition statement This edition first published in 2000
260 ## - PUBLICATION, DISTRIBUTION, ETC.
Place of publication, distribution, etc. Florida :
Name of publisher, distributor, etc. Green Light,
Date of publication, distribution, etc. 2000
300 ## - PHYSICAL DESCRIPTION
Extent 15 unnumbered pages
Other physical details color illustrations ;
Dimensions 23 cm
505 ## - FORMATTED CONTENTS NOTE
Formatted contents note G<br/>
520 ## - SUMMARY, ETC.
Summary, etc. A retelling of the La Fontaine fable in which a stork finds a way to outwit the fox that tricked him.<br/>
521 8# - TARGET AUDIENCE NOTE
Target audience note 330<br/>
Source Lexile<br/>
521 8# - TARGET AUDIENCE NOTE
Target audience note G<br/>
Source Raz-Plus<br/>
650 ## - SUBJECT ADDED ENTRY--TOPICAL TERM
Source of heading or term Stork
Topical term or geographic name entry element Outsmart
650 ## - SUBJECT ADDED ENTRY--TOPICAL TERM
Source of heading or term Trickster
Topical term or geographic name entry element Step Reader
942 ## - ADDED ENTRY ELEMENTS (KOHA)
Source of classification or shelving scheme Dewey Decimal Classification
Koha item type Books
Suppress in OPAC No
Holdings
Withdrawn status Lost status Source of classification or shelving scheme Damaged status Not for loan Collection Home library Current library Shelving location Date acquired Total Checkouts Full call number Barcode Date last seen Copy number Price effective from Koha item type
    Dewey Decimal Classification     Juvenile Fiction Footprints International School Library Network Toul Tom Poung Campus Footprints International School Library Network Toul Tom Poung Campus TTP Primary Green Bookshelves 05/13/2025   MCD 428.6 PZ8.M15 F 2025-1280 05/13/2025 1 05/13/2025 Books